000 00497nam a2200181Ia 4500
008 090124s9999 xx 000 0 und d
082 _b108831
100 _aभावे ल.ना.
245 _a शिवाची विहीर !
250 _a1
260 _c1961
300 _a12
600 _aभावे ल.ना.
630 _a शिवाची विहीर !
700 _aभावे ल.ना.
730 _a शिवाची विहीर !
942 _cBOOK
999 _c154922
_d154922